000
00350 a2200169 4500
001
190844
020
_a
85-356-1607-1
040
_c
Magnum
100
_a
Cotes, Cláudia
240
1
0
_a
Criança genial
_l
por
245
1
0
_a
Criança genial
300
_a
23
362
0
_a
2005
440
1
_a
Paulinas
697
_a
LITERATURA INFANTIL
942
_c
BK
999
_c
190844
_d
190844